Gran Premi del Campionato mondiale di Formula 1 2021 - Statistics

Statistiche generali
  • Questo quiz è stato fatto 9 volte
  • Il punteggio medio è 18 su 22
Statistiche sulle risposte
Data Gran Premio % Corretto
23 maggio Gran Premio di Monaco
100%
9 maggio Gran Premio di Spagna
100%
12 settembre Gran Premio d'Italia
100%
5 dicembre Gran Premio d'Arabia Saudita
89%
24 ottobre Gran Premio degli Stati Uniti
89%
7 novembre Gran Premio di Città del Messico
89%
20 giugno Gran Premio di Francia
89%
14 novembre Gran Premio di San Paolo
89%
1º agosto Gran Premio d'Ungheria
89%
4 luglio Gran Premio d'Austria
78%
28 marzo Gran Premio del Bahrein
78%
29 agosto Gran Premio del Belgio
78%
2 maggio Gran Premio del Portogallo
78%
21 novembre Gran Premio del Qatar
78%
12 dicembre[ Gran Premio di Abu Dhabi
78%
26 settembre Gran Premio di Russia
78%
5 settembre Gran Premio d'Olanda
78%
6 giugno Gran Premio d'Azerbaigian
67%
18 aprile Gran Premio d'ell'Emilia-Romagna
67%
18 luglio Gran Premio di Gran Bretagna
67%
27 giugno Gran Premio di Stiria
56%
10 ottobre Gran Premio di Turchia
56%
Nessun quiz corrispondente trovato
Distribuzione punteggi
Percentuale di utenti per punteggio
Percentile per numero di risposta
I tuoi punteggi nel tempo
Non hai fatto questo quiz